000 004770000a22001930004500
003 LK-CoMWRAF
005 20231014224930.0
008 230817t ||||| |||| 00| 0 eng d
020 _a0446355569
040 _aLK-CoMWRAF
_dLK-CoMWRAF
_eLK-CoMWRAF
041 _aeng
082 _a823
_bLAP
100 _aLapierre, Dominique
245 _aThe City of Joy
260 _aNew York :
_bDouble day and Company,
_c1992
300 _a528p
650 _aEnglish Fiction
942 _cBK
999 _c761
_d761